00465nam a22001457a 4500003000900000005001700009008004200026020001800068040002200086100003700108245006700145260004700212300002400259504003600283DO-SdBNP20220302124111.0210913b |dr||| |||| 00| 0 spa d a9789945131895 aBPMSUbSpacBPMSU1 aCastillo Díaz, Rafael d1952 - aTábara Arriba :bsu historia /cRafael Nelio Castillo Díaz aSanto Domingo :bEditora Mediabyte, c2016 a59 p.;bil.c22 cm. aIncluyes bibliografía 59 p.,